🥴 complétez l'expression autour de l'alcool - Statistiques

Statistiques générales
  • Ce quiz a Ă©tĂ© pris 353 fois
  • Le rĂ©sultat moyen est 8 sur 20
Statistiques - réponses
Expression Réponse % Correct
Boire comme un ___ trou
91%
Avoir la gueule de ___ bois
88%
Finir la bouteille jusqu’à la dernière ___ goutte
88%
Mettre de l’eau dans son ___ vin
82%
Prendre une ___ cuite
73%
Avoir un coup dans le ___ nez
68%
Boire à s’en rendre ___ malade
49%
Finir sous la ___ table
44%
Boire jusqu’à plus ___ soif
43%
Lever le ___ coude
41%
Reprendre la petite ___ soeur
34%
Avoir le vin ___ mauvais
25%
Boire un coup de trop et voir ___ double
19%
Faire la tournée des ___ (2 mots) grands ducs
13%
Boire un petit ___ qui réchauffe canon
9%
ĂŠtre rond comme une ___ barrique
7%
ĂŠtre saoul comme un ___ Polonais
6%
Avoir la tĂŞte dans le ___ seau
4%
Qui boit sans soif ___ sans effort vomira
4%
Appuyer sur le ___ goulot
1%
Aucun quiz correspondant
Distribution des résultats
% des personnes avec chaque résultat
Percentile par nombre de réponses
Votre historique - résultats
Vous n’avez pas pris ce quiz